000 013340000a22003250004500
003 EG-GICUC
005 20250223031049.0
008 070124s2004 ua bd f m 000 0 eng d
040 _aEG-GICUC
_beng
_cEG-GICUC
041 0 _aEng
049 _aDeposite
097 _aM.Sc
099 _aCai01.13.04.M.Sc.2004.Mo.A
100 0 _aMona Mohamed Amin Abdelfattah
245 1 0 _aAssessment of alternative solutions of industrial wastewater management in the textile industry /
_cMona M.Amin Abdelfattah ; Supervised Ahmed H.Gaber , Azza I.Hafez , Mai Mohamed Kamal Eldin
246 1 5 _aتقييم الحلول المختلفة لمعالجة مياة الصرف الصناعى الناتجة من مصانع الغزل والنسيج فى مصر
260 _aCairo :
_bMona Mohamed Amin Abdelfattah ,
_c2004
300 _a117P : Maps , charts ;
_c30cm
502 _aThesis (M.Sc.) - Cairo University - Faculty Of Engineering - Department Of Chemical Engineering
530 _aIssued also as CD
653 4 _aSolutions
653 4 _aTernative
700 0 _aAhmed Hassan Gaber ,
_eSupervisor
700 0 _aAzza Ibrahim Hafez ,
_eSupervisor
700 0 _aMai Mohamed Kamal Eldin ,
_eSupervisor
856 _uhttp://172.23.153.220/th.pdf
905 _aAml
_eCataloger
905 _aMustafa
_eRevisor
942 _2ddc
_cTH
999 _c47655
_d47655